Desire under the elms / (Record no. 3666)
[ view plain ]
| 000 -LEADER | |
|---|---|
| fixed length control field | 00620nam a2200229 a 4500 |
| 001 - CONTROL NUMBER | |
| control field | 20190 |
| 003 - CONTROL NUMBER IDENTIFIER | |
| control field | BD-DhUAP |
| 005 - DATE AND TIME OF LATEST TRANSACTION | |
| control field | 20200310155331.0 |
| 008 - FIXED-LENGTH DATA ELEMENTS--GENERAL INFORMATION | |
| fixed length control field | 200310s2006 bg 000 0 eng d |
| 020 ## - INTERNATIONAL STANDARD BOOK NUMBER | |
| International Standard Book Number | 9846431575 |
| 040 ## - CATALOGING SOURCE | |
| Original cataloging agency | BD-DhUAP |
| Transcribing agency | BD-DhUAP |
| Modifying agency | BD-DhUAP |
| Language of cataloging | Eng |
| 082 00 - DEWEY DECIMAL CLASSIFICATION NUMBER | |
| Classification number | 812.52 ONE |
| Edition number | 23 |
| 100 1# - MAIN ENTRY--PERSONAL NAME | |
| Personal name | O'Neill, Eugene. |
| 245 10 - TITLE STATEMENT | |
| Title | Desire under the elms / |
| Statement of responsibility, etc. | Eugene O'Neill. |
| 260 ## - PUBLICATION, DISTRIBUTION, ETC. | |
| Place of publication, distribution, etc. | Dhaka : |
| Name of publisher, distributor, etc. | Friends' Book Corner, |
| Date of publication, distribution, etc. | c2006. |
| 300 ## - PHYSICAL DESCRIPTION | |
| Extent | 130 pages ; |
| Dimensions | 18 cm. |
| 440 ## - SERIES STATEMENT/ADDED ENTRY--TITLE | |
| Title | Friends' classics. |
| 650 #0 - SUBJECT ADDED ENTRY--TOPICAL TERM | |
| Topical term or geographic name entry element | Farmers |
| Form subdivision | Drama. |
| 650 #0 - SUBJECT ADDED ENTRY--TOPICAL TERM | |
| Topical term or geographic name entry element | Fathers and sons |
| Form subdivision | Drama. |
| 942 ## - ADDED ENTRY ELEMENTS (KOHA) | |
| Source of classification or shelving scheme | |
| Koha item type | Book |
| Withdrawn status | Lost status | Source of classification or shelving scheme | Damaged status | Not for loan | Permanent Location | Current Location | Shelving location | Date acquired | Full call number | Barcode | Date last seen | Copy number | Price effective from | Koha item type | Total Checkouts | Total Renewals | Date last checked out |
|---|---|---|---|---|---|---|---|---|---|---|---|---|---|---|---|---|---|
| UAP Central Library | UAP Central Library | General Stacks | 2020-03-10 | 812.52 ONE | 3010020190 | 2020-03-10 | 1 | 2020-03-10 | Book | ||||||||
| UAP Central Library | UAP Central Library | General Stacks | 2020-03-10 | 812.52 ONE | 3010020189 | 2025-05-29 | 2 | 2020-03-10 | Book | 1 | 1 | 2025-03-04 | |||||
| UAP Central Library | UAP Central Library | General Stacks | 2020-03-10 | 812.52 ONE | 3010017828 | 2020-03-10 | 3 | 2020-03-10 | Book | ||||||||
| UAP Central Library | UAP Central Library | General Stacks | 2020-03-10 | 812.52 ONE | 3010017832 | 2020-03-10 | 4 | 2020-03-10 | Book | ||||||||
| UAP Central Library | UAP Central Library | General Stacks | 2020-03-10 | 812.52 ONE | 3010020191 | 2020-03-10 | 5 | 2020-03-10 | Book | ||||||||
| UAP Central Library | UAP Central Library | General Stacks | 2020-03-10 | 812.52 ONE | 3010017829 | 2020-03-10 | 6 | 2020-03-10 | Book | ||||||||
| UAP Central Library | UAP Central Library | General Stacks | 2020-03-10 | 812.52 ONE | 3010020192 | 2020-03-10 | 7 | 2020-03-10 | Book | ||||||||
| UAP Central Library | UAP Central Library | General Stacks | 2020-03-10 | 812.52 ONE | 3010020188 | 2020-03-10 | 8 | 2020-03-10 | Book | ||||||||
| UAP Central Library | UAP Central Library | General Stacks | 2020-03-10 | 812.52 ONE | 3010017831 | 2020-03-10 | 9 | 2020-03-10 | Book | ||||||||
| UAP Central Library | UAP Central Library | General Stacks | 2020-03-12 | 812.52 ONE | 3010017830 | 2020-03-12 | 10 | 2020-03-12 | Book |
Bengali Keyboard